| 000 | 00795cam a2200265 4500 | ||
|---|---|---|---|
| 008 | 090401t1989 xxu||||| |||| 00| 0 eng d | ||
| 020 | _a0704902699 | ||
| 035 | _a(Sirsi) u9220 | ||
| 041 | _aeng | ||
| 050 | _a333.33 | ||
| 100 | _aAvis, Martin | ||
| 245 | _aManaging operational property assets : a report of research of organisations in England and Wales | ||
| 260 |
_aReading _bGraduates to Industry _c1989 |
||
| 300 | _ax,80p. ; 30cm. | ||
| 350 | _a30 | ||
| 520 | _aProject carried out at the University of Reading Department of Land Management and Development . | ||
| 650 | _aASSETS | ||
| 650 | _aCOMPANIES | ||
| 650 | _aMANAGEMENT | ||
| 650 |
_aProperty management _96262 |
||
| 700 | _aGibson, Virginia A. | ||
| 700 | _aWatts, Jenny | ||
| 942 | _n0 | ||
| 948 | _c04/03/1997 | ||
| 999 |
_c86619 _d86619 |
||